[Event "34th El Corte Ingles"]
[Site "Las Palmas ESP"]
[Date "2013.12.07"]
[Round "8.7"]
[White "Menvielle Lacourrelle,A"]
[Black "Galvan Sarmiento,JL"]
[Result "1-0"]
[WhiteElo "2146"]
[BlackElo "1983"]

1.e4 e6 2.d4 d5 3.Nc3 Nf6 4.e5 Nfd7 5.f4 c5 6.Nf3 Nc6 7.Be3 Qb6 8.Na4 Qa5+
9.c3 b6 10.Bd2 c4 11.b4 Qa6 12.Nb2 Qb7 13.a4 Qc7 14.Qc2 g6 15.Nd1 Be7 16.Ne3 f5
17.exf6 Nxf6 18.Ne5 Nxe5 19.fxe5 Nd7 20.Be2 Rf8 21.Rf1 Rxf1+ 22.Kxf1 Nf8
23.Kg1 Bd7 24.Ng4 O-O-O 25.Rf1 Kb8 26.Bh6 Qc8 27.Bd1 g5 28.Qd2 Ng6 29.Bxg5 Rf8
30.Nf6 Rh8 31.Bc2 Be8 32.Ng4 Qd8 33.Bf6 Rf8 34.Qh6 Rf7 35.Bxe7 Qxe7 36.Rxf7 Qxf7
37.Nf6 Nf8 38.g4 a5 39.b5 Qe7 40.g5 Ka8 41.Nxe8 Qxe8 42.Qg7 Kb8 43.h4 Ng6
44.Bxg6 hxg6 45.Kg2 Ka8 46.h5 Qd8 47.Qf6  1-0

[Event "TCh-NED Meesterklasse 2013-14"]
[Site "Netherland NED"]
[Date "2013.12.07"]
[Round "3.5"]
[White "Nijboer,F"]
[Black "Braun,Christi1"]
[Result "1-0"]
[WhiteElo "2530"]
[BlackElo "2243"]

1.e4 e6 2.d4 d5 3.Nc3 Nf6 4.e5 Nfd7 5.f4 c5 6.Nf3 Nc6 7.Be3 cxd4 8.Nxd4 Qb6
9.Be2 Bc5 10.Na4 Qa5+ 11.c3 Bxd4 12.Bxd4 Nxd4 13.Qxd4 b6 14.Bd1 b5 15.Nc5 Nxc5
16.Qxc5 Bd7 17.Bb3 Rc8 18.Qd4 Qc7 19.O-O Qc5 20.Rfd1 a5 21.a3 O-O 22.Qxc5 Rxc5
23.Rd4 f6 24.exf6 Rxf6 25.Re1 Kf8 26.Re5 Bc6 27.g4 Ke7 28.Kf2 Kd6 29.Kg3 h6
30.h4 Bd7 31.h5 Rf8 32.Re3 Re8 33.Red3 Bc6 34.Ba2 Bb7 35.Rd2 e5 36.fxe5+ Rxe5
37.Bb1 Rc4 38.Bd3 Rc5 39.Re2 Rxe2 40.Bxe2 Bc8 41.Rf4 Be6 42.Kf2 Ke5 43.Ke3 a4
44.Kf3 Kd6 45.Rf8 d4 46.Rd8+ Bd7 47.cxd4 Rg5 48.Kf4 Rd5 49.Rg8 Rg5 50.Bf3 Ke7
51.Rb8 Kd6 52.Rb6+ Kc7 53.Ra6 Bc8 54.Rc6+ Kd7 55.Rc5  1-0

[Event "Lidums AUS YM 2013"]
[Site "Adelaide AUS"]
[Date "2013.12.09"]
[Round "4.2"]
[White "Ly,Mo"]
[Black "Morris,J"]
[Result "0-1"]
[WhiteElo "2433"]
[BlackElo "2398"]

1.e4 e6 2.d4 d5 3.Nc3 Nf6 4.e5 Nfd7 5.f4 c5 6.Nf3 Nc6 7.Be3 a6 8.Qd2 b5 9.dxc5 Nxc5
10.Qf2 b4 11.Bxc5 bxc3 12.b3 Qa5 13.Bxf8 Rxf8 14.a3 f6 15.Qe3 fxe5 16.fxe5 Bb7
17.Bd3 d4 18.Qe2 O-O-O 19.O-O Rf4 20.b4 Qb6 21.Ng5 Rxf1+ 22.Rxf1 Ne7 23.Nf7 Rd7
24.Nd6+ Rxd6 25.exd6 Qxd6 26.Rf8+ Kc7 27.Be4 Qe5 28.Qc4+ Bc6 29.Bxc6 Nxc6
30.Rf7+ Kd6 31.Qxa6 Qe3+ 32.Kh1 d3 33.Rf1 dxc2 34.b5 c1=Q 35.Qxc6+ Ke5  0-1

[Event "Pavlodar Open 2013"]
[Site "Pavlodar KAZ"]
[Date "2013.12.10"]
[Round "1.28"]
[White "Khanin,S"]
[Black "Kuzairov,Olzhas"]
[Result "1-0"]
[WhiteElo "2299"]
[BlackElo "1797"]

1.e4 e6 2.d4 d5 3.Nc3 Nf6 4.e5 Nfd7 5.f4 c5 6.Nf3 Nc6 7.Be3 Be7 8.Qd2 O-O
9.Be2 a6 10.O-O b6 11.Nd1 cxd4 12.Nxd4 Bb7 13.c3 Nc5 14.Nf2 Qd7 15.b4 Ne4
16.Nxe4 dxe4 17.Rad1 Rfd8 18.Qe1 Qc7 19.Qf2 Nxd4 20.Bxd4 Rd5 21.f5 exf5 22.Qxf5 Bf8
23.Qxe4 Re8 24.Qg4 Re6 25.Bd3 Bc8 26.Qe4  1-0

[Event "5th Penang Open 2013"]
[Site "George Town MAS"]
[Date "2013.12.11"]
[Round "5.32"]
[White "Lim Kian Hwa"]
[Black "Ho,Jei-Chen"]
[Result "1-0"]
[WhiteElo "1918"]
[BlackElo "1694"]

1.e4 e6 2.d4 d5 3.Nc3 Nf6 4.e5 Nfd7 5.f4 c5 6.Nf3 Nc6 7.Ne2 Qb6 8.c3 f6 9.Rb1 cxd4
10.Nexd4 Nxd4 11.Nxd4 fxe5 12.fxe5 Nxe5 13.Qh5+ Ng6 14.Bd3 Bd7 15.Bxg6+ hxg6
16.Qxh8 O-O-O 17.O-O Bd6 18.Qxg7 e5 19.Be3 exd4 20.Qxd4 Qc6 21.Qxa7 Bb8 22.Qc5 Bf5
23.Qxc6+ bxc6 24.Rbe1 Rh8 25.Bf4 Ba7+ 26.Kh1 Bd3 27.Be5 Rh5 28.Rf7 Bb6 29.Bd4 Bd8
30.Re8 c5 31.Bf6 Rf5 32.Rxd8+  1-0

[Event "5th Penang Open 2013"]
[Site "George Town MAS"]
[Date "2013.12.12"]
[Round "6.28"]
[White "Fisabilillah,Ummi"]
[Black "Yogesh,Ga"]
[Result "0-1"]
[WhiteElo "1832"]
[BlackElo "2092"]

1.e4 e6 2.d4 d5 3.Nc3 Nf6 4.e5 Nfd7 5.f4 c5 6.Nf3 Nc6 7.Be3 cxd4 8.Nxd4 Bc5
9.Qd2 a6 10.O-O-O O-O 11.Qf2 Bxd4 12.Bxd4 b5 13.Kb1 b4 14.Ne2 a5 15.Nc1 Ba6
16.Bd3 Nxd4 17.Qxd4 Qb6 18.Nb3 Qc7 19.Qf2 a4 20.Nc1 a3 21.bxa3 bxa3 22.Bxa6 Rxa6
23.Nb3 Ra4 24.Rd3 f6 25.Qe1 Re4 26.Re3 fxe5 27.Rxe4 dxe4 28.g3 exf4 29.Qxe4 Qc3
30.Qxe6+ Kh8 31.Kc1 Ne5 32.Qd6 Rc8 33.Kd1 Nc4 34.Qxf4 Rd8+ 35.Ke2 Qxc2+ 36.Kf3 Rd3+
37.Kg4 Ne3+ 38.Kh3 Qc8+  0-1

[Event "5th Penang Open 2013"]
[Site "George Town MAS"]
[Date "2013.12.12"]
[Round "7.31"]
[White "Lim,Ming Xian"]
[Black "Luu,Duc Hai"]
[Result "1/2-1/2"]
[WhiteElo "1686"]
[BlackElo "1950"]

1.e4 e6 2.d4 d5 3.Nc3 Nf6 4.e5 Nfd7 5.f4 c5 6.Nf3 Nc6 7.Be3 f6 8.Be2 cxd4
9.Nxd4 Nxd4 10.Bxd4 Be7 11.Bg4 f5 12.Bh5+ g6 13.Bf3 Nc5 14.Bxc5 Bxc5 15.Qd2 Bb4
16.a3 Qa5 17.O-O-O Bxc3 18.Qxc3 Qxc3 19.bxc3 Bd7 20.c4 dxc4 21.Bxb7 Rb8 22.Ba6 Ke7
23.Bxc4 Rhc8 24.Rd4 Rc7 25.Rhd1 Rb6 26.R1d3 Bc6 27.g3 Be4 28.Rd2 a5 29.Rd6 Rbc6
30.Rxc6 Rxc6 31.Bb3 h6 32.Ba4 Rc7 33.Rd6 Bd5 34.Kd2 g5 35.Bb3 Bxb3 36.cxb3 Rb7
37.Kc3 Rc7+ 38.Kd3 Rc1 39.Ra6 Rh1 40.Ra7+ Kf8 41.Rxa5 Rxh2 42.fxg5 hxg5 43.b4 Rg2
44.b5 Rxg3+ 45.Ke2 Rb3 46.a4 Rb4 47.Ra6 Ke7 48.b6 Kd7 49.a5 Rb5 50.Kf3 Kc8
51.Ra7 Kb8 52.Kg3 Rxe5 53.a6 Ra5 54.Rb7+ Ka8 55.Ra7+ Kb8 56.Rb7+ Ka8 57.Ra7+ Kb8
58.Rb7+  1/2-1/2

[Event "5th Penang Open 2013"]
[Site "George Town MAS"]
[Date "2013.12.13"]
[Round "8.24"]
[White "Mohammad,Agus Kurniawan"]
[Black "Wong,Yinn Long"]
[Result "1-0"]
[WhiteElo "2038"]
[BlackElo "1824"]

1.e4 e6 2.d4 d5 3.Nc3 Nf6 4.e5 Nfd7 5.f4 c5 6.Nf3 Nc6 7.Be3 cxd4 8.Nxd4 Bc5
9.Qd2 O-O 10.O-O-O a6 11.Qf2 Bxd4 12.Bxd4 b5 13.Be3 b4 14.Na4 a5 15.h4 Ba6
16.h5 Bxf1 17.Rhxf1 f6 18.h6 g6 19.exf6 Nxf6 20.Bb6 Qb8 21.Qe3 Ne4 22.g4 Qe8
23.f5 exf5 24.gxf5 Nf6 25.Qb3 Qe4 26.fxg6 hxg6 27.Rde1 Qh4 28.Rh1 Qg5+ 29.Be3 Qf5
30.Ref1 Qe5 31.Bf4 Qd4 32.Qg3 Kh7 33.Rhg1 Rg8 34.Be3 Qe4 35.Rxf6  1-0

[Event "25th Carlos Torre Open"]
[Site "Merida MEX"]
[Date "2013.12.15"]
[Round "5.1"]
[White "Bruzon Batista,L"]
[Black "Cordova,E"]
[Result "1-0"]
[WhiteElo "2677"]
[BlackElo "2596"]

1.e4 e6 2.d4 d5 3.Nc3 Nf6 4.e5 Nfd7 5.f4 c5 6.Nf3 Nc6 7.Be3 Be7 8.Qd2 O-O
9.Be2 a6 10.O-O b6 11.Nd1 cxd4 12.Nxd4 Bb7 13.Nf2 Qc7 14.c3 Nc5 15.Rad1 Rad8
16.Qe1 Kh8 17.Ng4 Rde8 18.Rf3 Bd8 19.Nxc6 Bxc6 20.Bd4 a5 21.Bd3 Nxd3 22.Rdxd3 f5
23.exf6 gxf6 24.Rde3 Qf7 25.Rh3 Bd7 26.Rh6 Qg7 27.Reh3 e5 28.Rxh7+ Qxh7 29.Rxh7+ Kxh7
30.fxe5 f5 31.Ne3 Be6 32.Qd1 Kg6 33.Qf3  1-0

[Event "20th Zadar Open A 2013"]
[Site "Zadar CRO"]
[Date "2013.12.15"]
[Round "1.22"]
[White "Jakic,I"]
[Black "Brigljevic,M"]
[Result "1-0"]
[WhiteElo "2410"]
[BlackElo "2218"]

1.e4 e6 2.d4 d5 3.Nc3 Nf6 4.e5 Nfd7 5.f4 c5 6.Nf3 Nc6 7.Be3 Qb6 8.Na4 Qa5+
9.c3 cxd4 10.b4 Nxb4 11.cxb4 Bxb4+ 12.Bd2 Bxd2+ 13.Nxd2 O-O 14.Bd3 b5 15.Nb2 Qc3
16.Qc2 Nc5 17.Bxh7+ Kh8 18.O-O g6 19.Bxg6 fxg6 20.Qxg6 Qe3+ 21.Kh1 Ne4 22.Nxe4 Qxe4
23.Qh6+ Kg8 24.Rf3 Kf7 25.f5 exf5 26.Qf6+ Ke8 27.Qc6+  1-0

[Event "20th Zadar Open A 2013"]
[Site "Zadar CRO"]
[Date "2013.12.16"]
[Round "3.8"]
[White "Brkic,A"]
[Black "Cabarkapa,N"]
[Result "1-0"]
[WhiteElo "2566"]
[BlackElo "2404"]

1.e4 e6 2.d4 d5 3.Nc3 Nf6 4.e5 Nfd7 5.f4 c5 6.Nf3 Nc6 7.Be3 Be7 8.Qd2 O-O
9.dxc5 Bxc5 10.O-O-O Qa5 11.Bxc5 Nxc5 12.Kb1 Rd8 13.Qe3 Qb6 14.Nd4 Nxd4 15.Rxd4 Bd7
16.f5 Ne4 17.f6 Kh8 18.Nxe4 dxe4 19.Qg5 Rg8 20.Rxd7  1-0

[Event "20th Zadar Open B 2013"]
[Site "Zadar CRO"]
[Date "2013.12.16"]
[Round "3.8"]
[White "Deur,Z"]
[Black "Muratovic,En"]
[Result "1/2-1/2"]
[WhiteElo "2092"]
[BlackElo "2277"]

1.e4 e6 2.d4 d5 3.Nc3 Nf6 4.e5 Nfd7 5.f4 c5 6.Nf3 Nc6 7.Be3 cxd4 8.Nxd4 a6
9.Qd2 Nxd4 10.Bxd4 Qc7 11.Nd1 f6 12.exf6 gxf6 13.Be2 Bh6 14.Bh5+ Kd8 15.Be3 f5
16.Qf2 Bg7 17.O-O Bf6 18.Nc3 b5 19.Ne2 Bxb2 20.Nd4 Qd6 21.Rab1 Bc3 22.Rxb5 Bxd4
23.Bxd4 axb5 24.Bxh8 Rxa2 25.Bd4 Qc6 26.Bd1 Kc7 27.Re1 Nb6 28.Qh4 Qd7 29.Qh6 Nc4
30.Qf8 Qd6 31.Qg7+ Qd7 32.Qf8 Qd6 33.Qg7+ Qd7  1/2-1/2

[Event "20th Zadar Open A 2013"]
[Site "Zadar CRO"]
[Date "2013.12.18"]
[Round "5.15"]
[White "Jakic,I"]
[Black "Vlahov,D"]
[Result "1-0"]
[WhiteElo "2410"]
[BlackElo "2254"]

1.e4 e6 2.d4 d5 3.Nc3 Nf6 4.e5 Nfd7 5.f4 c5 6.Nf3 Nc6 7.Be3 cxd4 8.Nxd4 Nxd4
9.Bxd4 a6 10.Qd2 Bc5 11.O-O-O Bxd4 12.Qxd4 Qb6 13.Qd2 Nc5 14.f5 Qc7 15.Re1 g6
16.g4 b6 17.Bg2 Bb7 18.Qg5 Qe7 19.Qf6 Rg8 20.Qxe7+ Kxe7 21.f6+ Kd8 22.Ne2 Rc8
23.Kd2 Rc7 24.Nd4 Nd7 25.Re3 Rh8 26.Rhe1 Ke8 27.Rh3 h6 28.Ree3 Kf8 29.Rc3 Rxc3
30.Rxc3 Nxe5 31.Rc7 Nxg4 32.Nf3 Nxf6 33.Ne5 Rh7 34.Rxb7 b5 35.Ra7 g5 36.Rxa6 g4
37.a4 bxa4 38.Rxa4 Ke7 39.Nxg4 Nxg4 40.Rxg4 f5 41.Rg6 Kf7 42.Rg3 Kf6 43.b4 Ke5
44.Rg6 h5 45.h4 Rb7 46.Kc3 Rc7+ 47.Kb3 d4 48.b5 Rc3+ 49.Kb2 Rc4 50.Bf1 Rb4+
51.Ka3 Rb1 52.Bc4  1-0

[Event "20th Zadar Open A 2013"]
[Site "Zadar CRO"]
[Date "2013.12.18"]
[Round "5.21"]
[White "Zovko,Mari"]
[Black "Brigljevic,M"]
[Result "1/2-1/2"]
[WhiteElo "2301"]
[BlackElo "2218"]

1.e4 e6 2.d4 d5 3.Nc3 Nf6 4.e5 Nfd7 5.f4 c5 6.Nf3 Nc6 7.Be3 Qb6 8.Na4 Qa5+
9.Nc3 cxd4 10.Nxd4 Nxd4 11.Bxd4 Bc5 12.a3 Bxd4 13.Qxd4 Qb6 14.O-O-O Qxd4
15.Rxd4 a6 16.Rd2  1/2-1/2

[Event "20th Zadar Open B 2013"]
[Site "Zadar CRO"]
[Date "2013.12.20"]
[Round "8.1"]
[White "Videnova,I"]
[Black "Muratovic,En"]
[Result "1-0"]
[WhiteElo "2260"]
[BlackElo "2277"]

1.e4 e6 2.d4 d5 3.Nc3 Nf6 4.e5 Nfd7 5.f4 c5 6.Nf3 Nc6 7.Be3 a6 8.Qd2 b5 9.Nd1 Bb7
10.c3 Rc8 11.Bd3 cxd4 12.Nxd4 Nc5 13.Nf2 Nxd4 14.Bxd4 g6 15.O-O Be7 16.Rad1 Nd7
17.Qe3 Bc5 18.Kh1 Bxd4 19.cxd4 Qe7 20.g4 Qb4 21.f5 Rc6 22.b3 Kd8 23.Nh3 exf5
24.gxf5 Re8 25.fxg6 fxg6 26.Rf7 h6 27.Qxh6 Qxd4 28.Rxd7+ Kxd7 29.Bf5+ gxf5
30.Qh7+ Ke6 31.Ng5+ Kxe5 32.Nf3+ Kd6 33.Nxd4  1-0

[Event "20th Zadar Open A 2013"]
[Site "Zadar CRO"]
[Date "2013.12.20"]
[Round "8.2"]
[White "Saric,Iv"]
[Black "Saric,A"]
[Result "1-0"]
[WhiteElo "2632"]
[BlackElo "2547"]

1.e4 e6 2.d4 d5 3.Nc3 Nf6 4.e5 Nfd7 5.f4 c5 6.Nf3 Nc6 7.Be3 a6 8.Qd2 b5 9.Nd1 cxd4
10.Nxd4 Nxd4 11.Bxd4 Bc5 12.Nf2 O-O 13.O-O-O Qb6 14.h4 b4 15.Rh3 a5 16.g4 a4
17.Kb1 a3 18.b3 f6 19.exf6 Nxf6 20.Re3 h5 21.g5 Ng4 22.Nxg4 hxg4 23.Bxc5 Qxc5
24.Qd4 Qc7 25.Qxb4 Rxf4 26.Qe1 d4 27.Red3 e5 28.Bg2 Ra5 29.Be4 Rc5 30.c4 Bb7
31.Bxb7 Qxb7 32.h5 Qf7 33.b4 Rf2 34.bxc5 Rb2+ 35.Ka1 Qxc4 36.Rxa3 Re2 37.g6  1-0

[Event "St Petersburg Blitz Prelim 2013"]
[Site "St Petersburg RUS"]
[Date "2013.12.22"]
[Round "10.2"]
[White "Alekseev,Evgeny"]
[Black "Yemelin,V"]
[Result "1-0"]
[WhiteElo "2698"]
[BlackElo "2558"]

1.e4 e6 2.d4 d5 3.Nc3 Nf6 4.e5 Nfd7 5.f4 c5 6.Nf3 Nc6 7.Be3 cxd4 8.Nxd4 Bc5
9.Qd2 O-O 10.O-O-O a6 11.Nb3 Bb4 12.Bd3 b5 13.Rhf1 Bb7 14.Rf3 g6 15.Rh3 a5
16.Kb1 a4 17.Nd4 a3 18.Nxc6 Bxc6 19.Bd4 axb2 20.f5 f6 21.Qh6 Rf7 22.fxg6 Rg7
23.exf6 Nxf6 24.Rf1 Bxc3 25.Bxc3 d4 26.Bb4 e5 27.Rxf6 Qxf6 28.gxh7+ Kf7 29.Qxf6+ Kxf6
30.Rh6+ Kg5 31.Rxc6  1-0

[Event "51st ch-IND Premier 2013"]
[Site "Jalgaon IND"]
[Date "2013.12.25"]
[Round "8.3"]
[White "G.,A"]
[Black "Rathnakaran,K"]
[Result "1/2-1/2"]
[WhiteElo "2343"]
[BlackElo "2411"]

1.e4 e6 2.d4 d5 3.Nc3 Nf6 4.e5 Nfd7 5.f4 c5 6.Nf3 Nc6 7.Be3 a6 8.Qd2 b5 9.dxc5 Bxc5
10.Bd3 d4 11.Nxd4 Nxd4 12.Ne4 Qh4+ 13.Bf2 Nxc2+ 14.Qxc2 Bb4+ 15.Nc3 Qxf4
16.Be4 Rb8 17.O-O h5 18.Rae1 Qg5 19.Ba7 O-O 20.Bxb8 Nxb8 21.Kh1 Nd7 22.a3 Be7
23.Ba8 Nxe5 24.Ne4 Qh6 25.Qc7 Ng6 26.Bb7 Bxb7 27.Qxb7 h4 28.Qxa6 Qh5 29.Nc3 h3
30.Qxb5 hxg2+ 31.Kxg2 Qg4+ 32.Kh1 Nf4 33.Qb7 Bh4 34.Re3 e5 35.Rxe5 Qh3 36.Rxf4 Bg3
37.Qg2 Qxg2+ 38.Kxg2 Bxf4 39.Rb5 Rc8 40.a4 Bc1 41.a5 Bxb2 42.a6 Rxc3 43.a7 Rc2+
44.Kf3 Rc3+ 45.Ke2 Rc2+ 46.Kd3 Rc3+ 47.Ke4 Rc4+ 48.Kd3 Rc3+ 49.Kd2 Ra3 50.Rb8+ Kh7
51.a8=Q Rxa8 52.Rxa8 Be5 53.h3 g5 54.Kd3 Kg6 55.Ke4 f6 56.Rg8+ Kf7 57.Ra8 Kg6
58.Ra2 Bg3 59.Ra5 Bc7 60.Rb5 Be5 61.Rc5 Bd6 62.Rf5 Be5 63.Rf2 Bg3 64.Rf3 Bh2
65.Ra3 Bd6 66.Rb3 Bc7 67.Rf3 Bh2 68.Kd5 f5 69.Ke6 f4 70.Ra3 Kh5 71.Kf5 Kh4
72.Rb3 Bg3 73.Ra3 Bh2 74.Rb3 Bg3  1/2-1/2

[Event "10th Vandoeuvre Open"]
[Site "Vandoeuvre les Nancy FRA"]
[Date "2013.12.30"]
[Round "9.2"]
[White "Dourerassou,J"]
[Black "Cornette,M"]
[Result "1/2-1/2"]
[WhiteElo "2485"]
[BlackElo "2556"]

1.e4 e6 2.d4 d5 3.Nc3 Nf6 4.e5 Nfd7 5.f4 c5 6.Nf3 Nc6 7.Be3 cxd4 8.Nxd4 Bc5
9.Qd2 O-O 10.O-O-O Bxd4 11.Bxd4 Qa5 12.Kb1 Rb8 13.Be3 b5 14.h4 b4 15.Ne2 Ba6
16.Nd4 Nxd4 17.Bxd4 Bxf1 18.Rhxf1 Nc5 19.Bxc5 Qxc5 20.f5 Rfc8 21.f6 Qc3 22.Qe2 Qc4
23.Qf2 Qc5 24.Rd4 gxf6 25.exf6 Kh8 26.Qd2 Qc3 27.Qf2 Qc5 28.Qd2 Qc3 29.Qf2 Qc5  1/2-1/2

[Event "26th Staufer-Open A 2014"]
[Site "Schwaebisch Gmuend GER"]
[Date "2014.01.03"]
[Round "3.31"]
[White "Staufenberger,B"]
[Black "Wittmann,Ral"]
[Result "1/2-1/2"]
[WhiteElo "2052"]
[BlackElo "2190"]

1.e4 e6 2.d4 d5 3.Nc3 Nf6 4.e5 Nfd7 5.Nce2 c5 6.c3 b6 7.f4 g6 8.Nf3 Ba6 9.a3 Nc6
10.b4 cxd4 11.cxd4 Bc4 12.Nc3 Bxf1 13.Kxf1 Be7 14.Bb2 O-O 15.h4 f6 16.Ne2 b5
17.Qd3 a6 18.Kg1 Nb6 19.exf6 Rxf6 20.h5 Nc4 21.Bc3 Bd6 22.hxg6 hxg6 23.Ng5 Bf8
24.Qh3 Bg7 25.Nh7 Kf7 26.Rd1 Ne7 27.Ng5+ Kf8 28.Nxe6+ Rxe6 29.Qxe6 Rc8 30.Rh3 Rc6
31.Qg4 Nf5 32.Rdd3 Nxa3 33.Qf3 Ne7 34.Be1 Nc2 35.Bh4  1/2-1/2

[Event "26th Staufer-Open A 2014"]
[Site "Schwaebisch Gmuend GER"]
[Date "2014.01.03"]
[Round "4.1"]
[White "Nabaty,T"]
[Black "Carlstedt,J"]
[Result "1-0"]
[WhiteElo "2568"]
[BlackElo "2426"]

1.e4 e6 2.d4 d5 3.Nc3 Nf6 4.e5 Nfd7 5.f4 c5 6.Nf3 a6 7.Be3 Qb6 8.a3 Qa7 9.Ne2 Nc6
10.c3 f6 11.b4 cxb4 12.axb4 b5 13.Ng3 Qb6 14.Bd3 Be7 15.exf6 gxf6 16.Nh5 Nf8
17.Qe2 Ra7 18.f5 exf5 19.Nh4 Ng6 20.Nxf5 O-O 21.O-O Bd8 22.Bh6 Bxf5 23.Bxf5 Re7
24.Qc2  1-0

[Event "26th Staufer-Open A 2014"]
[Site "Schwaebisch Gmuend GER"]
[Date "2014.01.05"]
[Round "8.21"]
[White "Rosenberger,F"]
[Black "Grill,B"]
[Result "1/2-1/2"]
[WhiteElo "2128"]
[BlackElo "2221"]

1.e4 e6 2.d4 d5 3.Nc3 Nf6 4.e5 Nfd7 5.f4 c5 6.Nf3 Nc6 7.Be3 Be7 8.Qd2 O-O
9.Be2 a6 10.O-O b5 11.Nd1 cxd4 12.Nxd4 Nxd4 13.Bxd4 Bc5 14.c3 Qb6 15.Kh1 a5
16.a3 Bb7 17.Ne3 f6 18.Nc2 Bxd4 19.cxd4 Rac8 20.Ne3 fxe5  1/2-1/2